000 00428nam a22001697a 4500
005 20160617162753.0
008 160617b xxu||||| |||| 00| 0 eng d
020 _a0-7069-7939-7
041 _aeng
082 _b8030
100 _aNair, N.K.
_91488
245 _aPurchasing and Materials Management
260 _aNew Delhi
_bVikas Publishing House (P) Ltd.
_c2004
300 _a331
650 _aManagement
_9241
942 _cBK
999 _c2999
_d2998